| 000 | 00919nam a22002897a 4500 | ||
|---|---|---|---|
| 001 | BR7000219 | ||
| 003 | BR-BrBNA | ||
| 005 | 20230928083556.0 | ||
| 007 | ta | ||
| 008 | 230509b bl.||||| |||| 00| 0 por d | ||
| 040 |
_aBR-BrBNA _bpor _cBiblioteca Nacional de Agricultura |
||
| 041 | _a(Por) | ||
| 072 | _aK20; K10 | ||
| 090 | _ K20 BR7000219 | ||
| 100 | 1 | _aPortas, C.R. de M. | |
| 110 | 1 |
_aMinisterio da Agricultura, Brasilia, DF (Brasil). Escritorio Central de Planejamento e Controle _96800 |
|
| 245 | 1 | _aTabelas para determinacao da area basal em funcao do comportamento da circunferencia [Dendrometria; Producao florestal] | |
| 260 | 3 |
_aBrasilia, DF (Brasil): _c1970. |
|
| 300 | _a40 p. | ||
| 500 | _aNumerical data | ||
| 650 | _aAdministracao florestal | ||
| 650 | _aProducao florestal | ||
| 650 | _aDendrometria | ||
| 650 | _aArea basal | ||
| 909 |
_a202309 _bLucia _c55 _dLucia Elande |
||
| 942 | _cBK | ||
| 999 |
_c14256 _d14256 |
||